| 000 | 00423nam a2200157Ia 4500 | ||
|---|---|---|---|
| 008 | 230524s9999 xx 000 0 und d | ||
| 082 |
_a681.72 _bCHO |
||
| 100 | _aS.K.Hajra Choudhury and A.K.Hajra Choudury | ||
| 245 | 0 | _aElements of Workshop Technology Vol-II | |
| 250 | _a11TH | ||
| 260 |
_aNEW DELHI _bMedia Promoter _c2005 |
||
| 300 | _aXVI;688 | ||
| 500 | _aQuantity Number: 3 | ||
| 650 | _aWorkshop | ||
| 942 | _cBK | ||
| 999 |
_c32818 _d32818 |
||